| 000 | 00752nam a2200229 a 4500 | ||
|---|---|---|---|
| 008 | 070612s2007||||xo g 000 f slo d | ||
| 020 |
_a9788055114736 _q(viaz.) _c269 |
||
| 040 |
_aVTHK _bslo _cVTHK _eAACR2 _dSNK |
||
| 041 | 1 |
_aslo _heng |
|
| 044 | _cSK | ||
| 072 | 7 |
_a821.111(73)-3 _xAmerická próza _2konspekt |
|
| 080 |
_a821.111(73)-31 _22001 |
||
| 100 | 1 |
_aSteel, Danielle, _d1947- |
|
| 240 | 1 | 0 |
_aH. R. H. _lSlovensky |
| 245 | 1 | 0 |
_aJej kráľovská výsosť _cDanielle Steel ; [z anglického originálu preložila Tamara Chovanová] |
| 250 | _a[1. vyd.] | ||
| 260 |
_aBratislava _bIkar _c2007 |
||
| 300 |
_a256 s. _c21 cm |
||
| 700 | 1 |
_aChovanová, Tamara, _d1953- _4trl |
|
| 765 | 0 |
_tH. R. H. Slovensky _aSteel, Danielle, 1947- |
|
| 044 |
_axo _cSK |
||
| 999 |
_c8125 _d8125 |
||